Southernmost major cities by country - Statistics

General Stats
  • This quiz has been taken 348 times
  • The average score is 11 of 16
Answer Stats
Hint Answer % Correct
Germany Munich 48°08'00''N
89%
Canada Toronto 43°42'00''N
89%
France Marseille 43°17'47''N
85%
portugal Lisbon 38°42'49''N
82%
Belgium Brussels 50°51'00''N
80%
Netherlands Rotterdam 51°55'00''N
80%
Greece Athens 37°58'00''N
79%
Italy Naples 40°50'42''N
77%
Poland Krakow 50°03'42''N
76%
South Africa Cape Town 33°55'00''S
69%
Australia Melbourne 37°48'49''S
67%
Ukraine Odessa 46°28'00''N
65%
UK Southampton 50°54'00''N
57%
USA Honolulu 21°18'00''N
49%
Spain Malaga 36°43'10''N
49%
Russia Vladivostok 43°08'00''N
22%
No matching quizzes found
Score Distribution
Percent of People with Each Score
Percentile by Number Answered
Your Score History
You have not taken this quiz